El fantasma Tiberio / (Record no. 175669)

MARC details
000 -CABECERA
campo de control de longitud fija 00661nam a2200217 u 4500
005 - FECHA Y HORA DE LA ÚLTIMA TRANSACCIÓN
campo de control 20250924063934.0
008 - ELEMENTOS DE LONGITUD FIJA--INFORMACIÓN GENERAL
campo de control de longitud fija 150519s2008 mx r 000 0 spa d
020 ## - NÚMERO INTERNACIONAL NORMALIZADO PARA LIBROS
Número Internacional Estándar del Libro 9786074560022
035 ## - NÚMERO DE CONTROL DEL SISTEMA
Número de control de sistema UPN01000203568
049 ## - COLECCIÓN
Colección I
050 #4 - SIGNATURA TOPOGRÁFICA DE LA BIBLIOTECA DEL CONGRESO
Número de clasificación PZ78
Número de documento/Ítem C3.44
100 1# - ASIENTO PRINCIPAL--NOMBRE PERSONAL
Nombre de persona Carrera, Eduardo
9 (RLIN) 31993
245 13 - MENCIÓN DE TÍTULO
Título El fantasma Tiberio /
Mención de responsabilidad, etc. Eduardo Carrera ; il. Israel Ramírez.
260 ## - PUBLICACIÓN, DISTRIBUCIÓN, ETC.
Lugar de publicación, distribución, etc. México :
Nombre del editor, distribuidor, etc. Progreso,
Fecha de publicación, distribución, etc. c2008.
300 ## - DESCRIPCIÓN FÍSICA
Extensión [40] p. :
Otras características físicas il. col.
440 #0 - MENCIÓN DE SERIE/ASIENTO SECUNDARIO--TÍTULO
Título Rehilete.
Nombre de parte o sección de la obra Para los que aprendieron a leer
650 #4 - ASIENTO SECUNDARIO DE MATERIA - TERMINO TEMATICO
Término de materia o nombre geográfico como elemento de entrada Cuentos infantiles argentinos
9 (RLIN) 7466
650 #4 - ASIENTO SECUNDARIO DE MATERIA - TERMINO TEMATICO
Término de materia o nombre geográfico como elemento de entrada Fantasmas
Subdivisión de forma Literatura infantil
9 (RLIN) 11355
905 ## - TIPO DE MATERIAL
Tipo de material Infantil
Holdings
Estado de retiro Estado de pérdida Fuente del sistema de clasificación o colocación Estado dañado No para préstamo Código de colección Localización permanente Ubicación/localización actual Ubicación en estantería Fecha de adquisición Total de préstamos Clasificación Código de barras Fecha visto por última vez Número de copia Tipo de ítem Koha
    Library of Congress Classification     Infantil Bib. Gregorio Torres Quintero Bib. Gregorio Torres Quintero Sala infantil Planta baja 10/05/2023 3 PZ78 C3.44 304474 31/12/2020 1 Libro